| 000 | 00675nam a2200277Ia 4500 | ||
|---|---|---|---|
| 001 | Z_2448 | ||
| 003 | CHAP | ||
| 008 | 220113s1983 xx 000 0 und d | ||
| 010 | _a165502 | ||
| 040 | _cCHAP | ||
| 082 | _a519.5 H8y | ||
| 100 |
_aHuntsberger, David V. _956959 |
||
| 245 |
_aElementos de estadística inferencial / _cpor David V. Huntsberger y Patrick Billingsley |
||
| 260 |
_aMéxico, D. F. : _bCECSA, _c1983 |
||
| 300 | _a404 p. | ||
| 440 | _a | ||
| 500 | _a | ||
| 503 | _a135683 | ||
| 650 |
_aEstadística I. Billingsley, Patrick _9139370 |
||
| 901 | _a519.5 H8y | ||
| 902 | _aA | ||
| 910 | _a1983 | ||
| 942 | _c1 | ||
| 942 | _cc1 | ||
| 999 |
_c165502 _d165502 |
||